<?xml version="1.0" encoding="UTF-8"?>
<record
    xmlns:xsi="http://www.w3.org/2001/XMLSchema-instance"
    xsi:schemaLocation="http://www.loc.gov/MARC21/slim http://www.loc.gov/standards/marcxml/schema/MARC21slim.xsd"
    xmlns="http://www.loc.gov/MARC21/slim">

  <leader>     nam a22     7a 4500</leader>
  <datafield tag="999" ind1=" " ind2=" ">
    <subfield code="c">336876</subfield>
    <subfield code="d">336876</subfield>
  </datafield>
  <controlfield tag="003">IT-MiCISF</controlfield>
  <controlfield tag="005">20171120121505.0</controlfield>
  <controlfield tag="008">171120b        xxu||||| |||| 00| 0 eng d</controlfield>
  <datafield tag="040" ind1=" " ind2=" ">
    <subfield code="c">IT-MiCISF</subfield>
  </datafield>
  <datafield tag="041" ind1=" " ind2=" ">
    <subfield code="a">it</subfield>
  </datafield>
  <datafield tag="100" ind1=" " ind2=" ">
    <subfield code="a">Vigorelli Pietro</subfield>
    <subfield code="9">56111</subfield>
  </datafield>
  <datafield tag="245" ind1=" " ind2=" ">
    <subfield code="a">La relazione formativa</subfield>
  </datafield>
  <datafield tag="260" ind1=" " ind2=" ">
    <subfield code="a">Tricase (LE)</subfield>
    <subfield code="b">Youcanprint Self-Publishing</subfield>
    <subfield code="c">2017</subfield>
  </datafield>
  <datafield tag="300" ind1=" " ind2=" ">
    <subfield code="a">pp. 120</subfield>
  </datafield>
  <datafield tag="500" ind1=" " ind2=" ">
    <subfield code="a">educazione, et&#xE0;-adulta, progetto, anziani, operatori-sociali, operatori-sanitari, formazione, esperienze</subfield>
  </datafield>
  <datafield tag="520" ind1=" " ind2=" ">
    <subfield code="a">Rinnovare le case per anziani (RSA), renderle pi&#xF9; adatte per una vita il pi&#xF9; possibile normale e attiva. &#xC8; un progetto ambizioso ma ineludibile, che passa attraverso la formazione degli operatori dell'assistenza. Il volume vuole contribuire a questo rinnovamento mettendo a fuoco la relazione tra chi &#xE8; deputato alla formazione e gli operatori. Partendo da questa relazione si pu&#xF2; impostare una formazione capacitante e influire in modo efficace sulla qualit&#xE0; dell'assistenza. Dopo un saggio introduttivo sulla formazione degli adulti, l'autore esamina in modo dettagliato la relazione tra formatore e operatori e quella tra operatori e anziani con demenza. Il testo &#xE8; ricco di esempi ed &#xE8; arricchito dai contributi esperienziali di altri formatori che fanno riferimento all'Approccio Capacitante.</subfield>
  </datafield>
  <datafield tag="650" ind1=" " ind2=" ">
    <subfield code="a">educazione</subfield>
    <subfield code="9">56062</subfield>
  </datafield>
  <datafield tag="654" ind1=" " ind2=" ">
    <subfield code="a">saggio</subfield>
  </datafield>
  <datafield tag="700" ind1=" " ind2=" ">
    <subfield code="a">Pennati A.</subfield>
    <subfield code="a">Pacifico I.</subfield>
    <subfield code="a">Gallo M.</subfield>
    <subfield code="a">Botticchio E.</subfield>
    <subfield code="a">Forti A.</subfield>
    <subfield code="a">Sertorio S.</subfield>
    <subfield code="a">Basso D.</subfield>
    <subfield code="a">Giudici F.</subfield>
    <subfield code="9">56682</subfield>
  </datafield>
  <datafield tag="942" ind1=" " ind2=" ">
    <subfield code="2">ddc</subfield>
    <subfield code="c">BK</subfield>
  </datafield>
  <datafield tag="952" ind1=" " ind2=" ">
    <subfield code="0">0</subfield>
    <subfield code="1">0</subfield>
    <subfield code="2">ddc</subfield>
    <subfield code="4">0</subfield>
    <subfield code="6">B_7399_000000000000000</subfield>
    <subfield code="7">1</subfield>
    <subfield code="a">CISF</subfield>
    <subfield code="b">CISF</subfield>
    <subfield code="d">2017-11-20</subfield>
    <subfield code="l">0</subfield>
    <subfield code="o">b7399</subfield>
    <subfield code="p">9788892666177</subfield>
    <subfield code="r">2017-11-20 00:00:00</subfield>
    <subfield code="w">2017-11-20</subfield>
    <subfield code="y">BK</subfield>
  </datafield>
</record>
